<?xml version="1.0" encoding="UTF-8"?>
<record
    xmlns:xsi="http://www.w3.org/2001/XMLSchema-instance"
    xsi:schemaLocation="http://www.loc.gov/MARC21/slim http://www.loc.gov/standards/marcxml/schema/MARC21slim.xsd"
    xmlns="http://www.loc.gov/MARC21/slim">

  <leader>01796nam a2200241 a 4500</leader>
  <controlfield tag="001">000025325</controlfield>
  <controlfield tag="005">20200120222109.0</controlfield>
  <controlfield tag="008">031022s2002    col0   gr0          000 d</controlfield>
  <datafield tag="020" ind1=" " ind2=" ">
    <subfield code="a">958-04-7017-0</subfield>
  </datafield>
  <datafield tag="082" ind1="0" ind2="4">
    <subfield code="a">928</subfield>
    <subfield code="b">G17</subfield>
  </datafield>
  <datafield tag="100" ind1="0" ind2=" ">
    <subfield code="a">Garc&#xED;a M&#xE1;rquez, Gabriel</subfield>
  </datafield>
  <datafield tag="245" ind1="1" ind2="0">
    <subfield code="a">Vivir para contarla /</subfield>
    <subfield code="c">Gabriel Garc&#xED;a M&#xE1;rquez.</subfield>
  </datafield>
  <datafield tag="260" ind1=" " ind2=" ">
    <subfield code="a">Bogot&#xE1; :</subfield>
    <subfield code="b">Norma,</subfield>
    <subfield code="c">2002.</subfield>
  </datafield>
  <datafield tag="300" ind1=" " ind2=" ">
    <subfield code="a">579p.</subfield>
  </datafield>
  <datafield tag="500" ind1=" " ind2=" ">
    <subfield code="a">Ej.2 de Biblioteca CSC Funza: ISBN actualizado: 9789580470175 Mayo 2014</subfield>
  </datafield>
  <datafield tag="500" ind1=" " ind2=" ">
    <subfield code="a">4a. reimpresi&#xF3;n de 2003</subfield>
  </datafield>
  <datafield tag="500" ind1=" " ind2=" ">
    <subfield code="a">Ej.1 de Mosquera donado por la Biblioteca Nacional - PNLB 2012.</subfield>
  </datafield>
  <datafield tag="500" ind1=" " ind2=" ">
    <subfield code="a">Ej.2 de Biblioteca Chical&#xE1;. Mayo 2014</subfield>
  </datafield>
  <datafield tag="520" ind1="3" ind2=" ">
    <subfield code="a">"Las memorias de Gabriel Garc&#xED;a M&#xE1;rquez. El tomo, con 528 p&#xE1;ginas, cuenta la historia de sus abuelos maternos, los amores de su padre, un &#xE1;mbito de su vida familiar especialmente querida por Garc&#xED;a M&#xE1;rquez y, por f&#xED;n, su propia vida hasta 1955, fecha de su definitiva dedicaci&#xF3;n a la literatura con la aparici&#xF3;n de su primera novela, La Hojarasca. El nacimiento de su vocaci&#xF3;n por el periodismo y su viaje a Europa como corresponsal de El Espectador tambi&#xE9;n ocupan una parte muy importante del volumen. La escritura de las Memorias de Gabriel Garc&#xED;a M&#xE1;rquez ha sido motivo de gran atenci&#xF3;n por parte de su p&#xFA;blico lector, cr&#xED;ticos y editores de todo el mundo especialmente cuando, despu&#xE9;s de superar una grave enfermedad, el escritor se encerr&#xF3; para culminar esta obra, por lo tanto es uno de los libros m&#xE1;s esperados de los &#xFA;ltimos a&#xF1;os en el que podemos apreciar su gran maestr&#xED;a narrativa. Cada etapa de su vida en este primer volumen, nos recuerda las historias de algunas de sus primeras novelas."</subfield>
  </datafield>
  <datafield tag="650" ind1="1" ind2="4">
    <subfield code="a">Autobiograf&#xED;as</subfield>
  </datafield>
  <datafield tag="650" ind1="1" ind2="4">
    <subfield code="a">Escritores colombianos</subfield>
  </datafield>
  <datafield tag="650" ind1="1" ind2="4">
    <subfield code="a">Literatura colombiana</subfield>
  </datafield>
  <datafield tag="999" ind1=" " ind2=" ">
    <subfield code="c">1395</subfield>
    <subfield code="d">1395</subfield>
  </datafield>
  <datafield tag="952" ind1=" " ind2=" ">
    <subfield code="0">0</subfield>
    <subfield code="1">0</subfield>
    <subfield code="2">ddc</subfield>
    <subfield code="4">0</subfield>
    <subfield code="7">0</subfield>
    <subfield code="8">GEN</subfield>
    <subfield code="a">BPMOS</subfield>
    <subfield code="b">BPMOS</subfield>
    <subfield code="d">2020-01-20</subfield>
    <subfield code="i">109716</subfield>
    <subfield code="l">2</subfield>
    <subfield code="m">2</subfield>
    <subfield code="o">928 G17</subfield>
    <subfield code="p">MOS001080</subfield>
    <subfield code="r">2023-06-05</subfield>
    <subfield code="s">2023-05-24</subfield>
    <subfield code="t">ej.1</subfield>
    <subfield code="w">2020-01-20</subfield>
    <subfield code="y">BK</subfield>
    <subfield code="z">Ocho d&#xED;as</subfield>
  </datafield>
  <datafield tag="952" ind1=" " ind2=" ">
    <subfield code="0">0</subfield>
    <subfield code="1">0</subfield>
    <subfield code="2">ddc</subfield>
    <subfield code="4">0</subfield>
    <subfield code="7">0</subfield>
    <subfield code="8">GEN</subfield>
    <subfield code="a">BPMOS</subfield>
    <subfield code="b">BPMOS</subfield>
    <subfield code="d">2021-05-31</subfield>
    <subfield code="e">Donaci&#xF3;n</subfield>
    <subfield code="l">2</subfield>
    <subfield code="m">2</subfield>
    <subfield code="o">928 G17</subfield>
    <subfield code="p">MOS501100</subfield>
    <subfield code="r">2022-07-13</subfield>
    <subfield code="s">2022-07-05</subfield>
    <subfield code="t">ej.2</subfield>
    <subfield code="w">2021-05-31</subfield>
    <subfield code="y">BK</subfield>
    <subfield code="z">Ocho d&#xED;as</subfield>
  </datafield>
  <datafield tag="952" ind1=" " ind2=" ">
    <subfield code="0">0</subfield>
    <subfield code="1">0</subfield>
    <subfield code="2">ddc</subfield>
    <subfield code="4">0</subfield>
    <subfield code="7">0</subfield>
    <subfield code="8">GEN</subfield>
    <subfield code="a">BPMOS</subfield>
    <subfield code="b">BPMOS</subfield>
    <subfield code="d">2021-06-01</subfield>
    <subfield code="e">Donaci&#xF3;n 2021</subfield>
    <subfield code="i">NT</subfield>
    <subfield code="l">1</subfield>
    <subfield code="m">1</subfield>
    <subfield code="o">928 G17</subfield>
    <subfield code="p">MOS501143</subfield>
    <subfield code="r">2022-01-13</subfield>
    <subfield code="s">2021-12-15</subfield>
    <subfield code="t">ej.3</subfield>
    <subfield code="w">2021-05-31</subfield>
    <subfield code="y">BK</subfield>
    <subfield code="z">Ocho d&#xED;as</subfield>
  </datafield>
</record>
